| 000 | 00495nam a2200193Ia 4500 | ||
|---|---|---|---|
| 005 | 20240626100415.0 | ||
| 008 | 131103s9999 xx 000 0 und d | ||
| 020 | _a0 8317 4887 7 | ||
| 040 | _aLoreto College | ||
| 041 | _aEnglish | ||
| 082 |
_a740 _bHIL |
||
| 100 | _aHill, Ian Barras | ||
| 245 |
_aPainting of the Western World impressionism _cIan Barras Hill |
||
| 260 |
_aNetharlands _bGalley Press _c1980 |
||
| 300 |
_a72p. _b ill. |
||
| 650 | _aArts | ||
| 850 | _aLCBED | ||
| 942 | _cBK | ||
| 999 |
_c30129 _d80608 |
||